000 00723nam a22002297a 4500
999 _c14491
_d14491
003 MIRAKIL
005 20211214000620.0
008 210819b tu ||||| |||| 00| 0 tur d
020 _a9756774731
040 _aTR-AnCHP
_cTR-AnCHP
041 _aTur
082 _a320.9561
_bÖ97l 2003
100 1 _aÖzturanlı, M. İskender
245 1 0 _aLaik devlet ve sarıklı siyaset/
_cM. İskender Özturanlı.
250 _a3. bs.
260 _aİstanbul :
_bToplumsal Dönüşüm Yayınları,
_c2003.
300 _a294 s.:
_c19 sm.
490 0 _aToplumsal Dönüşüm Yayınları;
_aAraştırma ve inceleme;
_v187.
_v51.
650 0 _aSiyaset ve yönetim
_xTürkiye
_99
650 0 _9645
_aLaiklik
_xTürkiye
942 _2ddc
_cBKS